[Event "Xtracon Skakligaen"]
[Site "Denmark"]
[Date "2016.02.07"]
[Round "7.4"]
[White "Wiwe, Andreas"]
[Black "Pedersen, Steffen"]
[Result "1/2-1/2"]
[WhiteElo "2276"]
[BlackElo "2406"]
[PlyCount "78"]
[EventDate "2015.10.31"]
[EventType "team-tourn"]
[EventRounds "9"]
[EventCountry "DEN"]
[WhiteTeam "Jetsmark"]
[BlackTeam "Skanderborg"]
[WhiteTeamCountry "DEN"]
[BlackTeamCountry "DEN"]

1. e4 e5 2. Nf3 Nc6 3. Bb5 a6 4. Ba4 Nf6 5. O-O Be7 6. Re1 b5 7. Bb3 d6 8. c3
O-O 9. h3 Nd7 10. d4 Bf6 11. Be3 Na5 12. Bc2 Nc4 13. Bc1 Bb7 14. b3 Ncb6 15.
Bb2 Re8 16. d5 Be7 17. Nbd2 c6 18. c4 Rc8 19. Bd3 Nc5 20. Bf1 bxc4 21. Nxc4
cxd5 22. Nxb6 Qxb6 23. exd5 Nd7 24. Qd2 Qc7 25. Rac1 Qb8 26. Rxc8 Qxc8 27. Qa5
Qa8 28. Bc4 h6 29. Ba3 Nf6 30. Rd1 Rc8 31. Qd2 Nd7 32. Qe3 Re8 33. Nh2 Qd8 34.
Qe1 Qb6 35. Ng4 Bc8 36. Ne3 g6 37. Qb4 1/2-1/2

[Event "Xtracon Skakligaen"]
[Site "Denmark"]
[Date "2016.02.07"]
[Round "7.6"]
[White "Rathlev, Jakob"]
[Black "Andersen, Jackie"]
[Result "0-1"]
[WhiteElo "2240"]
[BlackElo "2343"]
[PlyCount "60"]
[EventDate "2015.10.31"]
[EventType "team-tourn"]
[EventRounds "9"]
[EventCountry "DEN"]
[WhiteTeam "Jetsmark"]
[BlackTeam "Skanderborg"]
[WhiteTeamCountry "DEN"]
[BlackTeamCountry "DEN"]

1. e4 g6 2. d4 Bg7 3. Nc3 d6 4. Be3 Nd7 5. Nf3 Ngf6 6. h3 e5 7. dxe5 dxe5 8.
Qd3 c6 9. a4 Qe7 10. Qc4 a5 11. Be2 O-O 12. O-O Nh5 13. g3 Re8 14. Rfd1 Bf8 15.
Kg2 Nc5 16. Ng5 Ne6 17. Nf3 Nc5 18. Ng5 Ng7 19. Bxc5 Qxg5 20. Be3 Qe7 21. Qb3
Ne6 22. Bc4 Qf6 23. Bxe6 Bxe6 24. Qb6 Qe7 25. Bd2 Qb4 26. Qxb4 axb4 27. Ne2 b3
28. c3 Bc4 29. Kf3 Re6 30. Ng1 Rd6 31. Be3 Rxd1 32. Rxd1 Rxa4 33. Kg2 Ra2 34.
Rd8 Kg7 35. Bc1 Ra1 36. Rd1 g5 37. Nf3 Be2 38. Re1 Bxf3+ 39. Kxf3 Bc5 40. Ke2
f6 41. g4 Rb1 42. f3 Kf7 43. Kd3 b5 44. Kd2 Ke6 45. Kd3 Kd7 46. Rd1 Kc7 47. Re1
Kb7 48. Rh1 Ka6 49. Kd2 Ka5 50. Rd1 Ka4 51. Ke2 b4 52. cxb4 Bxb4 53. Kd3 Kb5
54. Ke3 Bc5+ 55. Ke2 Bd4 56. h4 gxh4 0-1

[Event "Xtracon Skakligaen"]
[Site "Denmark"]
[Date "2016.02.07"]
[Round "7.7"]
[White "Boe, Mads"]
[Black "Hoffmann, Tobias Breinholt"]
[Result "1-0"]
[WhiteElo "2330"]
[BlackElo "2029"]
[PlyCount "80"]
[EventDate "2015.10.31"]
[EventType "team-tourn"]
[EventRounds "9"]
[EventCountry "DEN"]
[WhiteTeam "Skanderborg"]
[BlackTeam "Jetsmark"]
[WhiteTeamCountry "DEN"]
[BlackTeamCountry "DEN"]

1. e4 e5 2. Nf3 Nc6 3. d4 exd4 4. Nxd4 Bc5 5. Be3 Nxd4 6. Bxd4 Bxd4 7. Qxd4 Qf6
8. e5 Qb6 9. Qxb6 axb6 10. Nc3 Ra5 11. f4 Rc5 12. O-O-O Ne7 13. Bb5 c6 14. Be2
Rxc3 15. bxc3 Nd5 16. Rd4 Nxc3 17. Kd2 Nd5 18. Bf3 Nc7 19. Ke3 Ke7 20. Rhd1 Rd8
21. g3 Nb5 22. R4d3 Nc7 23. a4 b5 24. axb5 Nxb5 25. c4 Nc7 26. c5 Ne6 27. Rc3
f6 28. exf6+ gxf6 29. g4 d5 30. cxd6+ Rxd6 31. Rxd6 Kxd6 32. h4 h6 33. Be4 Nc5
34. g5 fxg5 35. fxg5 hxg5 36. h5 Nxe4 37. Kxe4 Be6 38. Rg3 g4 39. h6 Bg8 40.
Rxg4 Bh7+ 41. Ke3 Kc5 42. Rg7 1-0

[Event "Xtracon Skakligaen"]
[Site "Denmark"]
[Date "2016.02.07"]
[Round "7.8"]
[White "Luther, Lasse"]
[Black "Bjerre, Jonas Buhl"]
[Result "0-1"]
[WhiteElo "2051"]
[BlackElo "2076"]
[PlyCount "73"]
[EventDate "2015.10.31"]
[EventType "team-tourn"]
[EventRounds "9"]
[EventCountry "DEN"]
[WhiteTeam "Jetsmark"]
[BlackTeam "Skanderborg"]
[WhiteTeamCountry "DEN"]
[BlackTeamCountry "DEN"]

1. e4 c5 2. c3 Nf6 3. e5 Nd5 4. g3 Nc6 5. Bg2 e6 6. Nf3 Be7 7. O-O O-O 8. Na3
f6 9. d4 cxd4 10. cxd4 fxe5 11. dxe5 b5 12. Nxb5 Ba6 13. a4 Qb6 14. Ng5 Rf5 15.
Bxd5 Bxg5 16. Bxg5 Rxg5 17. Bg2 Rd8 18. Re1 Rf5 19. Qd2 Bxb5 20. axb5 Nxe5 21.
Ra6 Qxb5 22. Rxa7 Nc4 23. Qd4 Qb6 24. Qxb6 Nxb6 25. Rb7 Rb5 26. Re2 Rc8 27. Rd2
Rc1+ 28. Bf1 Nc4 29. Rbxd7 Nxd2 30. Rxd2 Rd5 31. Rxd5 exd5 32. b3 Rb1 33. h4
Rxb3 34. Kg2 Kf7 35. Be2 Ke6 36. Bg4+ Ke5 37. Kf1 Kd4 38. Ke1 Kc3 39. f4 d4 0-1

[Event "Xtracon Skakligaen"]
[Site "Denmark"]
[Date "2016.02.07"]
[Round "7.1"]
[White "Hector, Jonny"]
[Black "Jones, Gawain C B"]
[Result "1/2-1/2"]
[WhiteElo "2493"]
[BlackElo "2623"]
[PlyCount "161"]
[EventDate "2015.10.31"]
[EventType "team-tourn"]
[EventRounds "9"]
[EventCountry "DEN"]
[WhiteTeam "Nordkalotten"]
[BlackTeam "Philidor"]
[WhiteTeamCountry "DEN"]
[BlackTeamCountry "DEN"]

1. e4 c5 2. Be2 Nc6 3. f4 d5 4. d3 dxe4 5. dxe4 Qxd1+ 6. Bxd1 e5 7. fxe5 Nxe5
8. Nf3 Bd6 9. Na3 Be6 10. Be3 a6 11. Be2 O-O-O 12. O-O-O Ng4 13. Rxd6 Nxe3 14.
Rxd8+ Kxd8 15. Rg1 Nf6 16. Ng5 Neg4 17. Nxe6+ fxe6 18. Nc4 Nh6 19. Rf1 b5 20.
Ne5 Kc7 21. Bf3 Rf8 22. Nd3 Nd7 23. Rd1 c4 24. Nb4 Nc5 25. a4 a5 26. Na2 Nxa4
27. e5 Nf7 28. Re1 Ng5 29. Be2 Rf5 30. b3 Nb6 31. bxc4 bxc4 32. Bg4 Rf2 33. h4
Rxg2 34. Bd1 Nf7 35. Nc3 Nd7 36. Nb5+ Kb6 37. Nd4 Nfxe5 38. Nxe6 a4 39. Re3 Rg1
40. Kd2 Rg6 41. Nf4 Rd6+ 42. Kc1 Kb5 43. Ne2 Kc5 44. Nc3 Ra6 45. Re4 a3 46. Kb1
g6 47. Be2 Rb6+ 48. Ka1 Rb4 49. Nb1 c3 50. Nxc3 Rxe4 51. Nxe4+ Kd4 52. Ng5 h6
53. Ne6+ Ke3 54. Bb5 Nb6 55. Ka2 Nbc4 56. Kb3 Kd2 57. Nf4 g5 58. hxg5 hxg5 59.
Nh3 g4 60. Nf4 g3 61. Ba6 Ke3 62. Nh3 Ke2 63. Ka2 Kd1 64. Nf4 Kxc2 65. Ne2 g2
66. Bb7 Kd2 67. Ng1 Ke3 68. Bxg2 Kf2 69. Nh3+ Kxg2 70. Nf4+ Kf2 71. Nd5 Nd3 72.
Nc3 Nc1+ 73. Kb1 Ke3 74. Kxc1 Kd3 75. Na2 Nd2 76. Nb4+ Kc3 77. Na2+ Kb3 78.
Kxd2 Kxa2 79. Kc2 Ka1 80. Kc1 a2 81. Kc2 1/2-1/2

[Event "Xtracon Skakligaen"]
[Site "Denmark"]
[Date "2016.02.07"]
[Round "7.2"]
[White "Grandelius, Nils"]
[Black "Brynell, Stellan"]
[Result "1/2-1/2"]
[WhiteElo "2647"]
[BlackElo "2421"]
[PlyCount "110"]
[EventDate "2015.10.31"]
[EventType "team-tourn"]
[EventRounds "9"]
[EventCountry "DEN"]
[WhiteTeam "Philidor"]
[BlackTeam "Nordkalotten"]
[WhiteTeamCountry "DEN"]
[BlackTeamCountry "DEN"]

1. Nf3 d5 2. d4 Nf6 3. c4 e6 4. Nc3 Be7 5. Bf4 O-O 6. e3 c5 7. dxc5 Bxc5 8. Be2
dxc4 9. Qc2 Nc6 10. Bxc4 Nb4 11. Qe2 Nbd5 12. Be5 Nxc3 13. Bxc3 Ne4 14. Be5
Qa5+ 15. Kf1 Be7 16. Qc2 Nf6 17. Bc3 Qc7 18. Bd3 Bd7 19. Ke2 Rac8 20. Rhd1 Rfd8
21. Qb3 Bc6 22. Rac1 Nd7 23. Qc2 g6 24. Bd4 Bf6 25. Bxf6 Nxf6 26. Qb3 Bxf3+ 27.
gxf3 Qxh2 28. Qxb7 Rb8 29. Qxa7 Rxb2+ 30. Rc2 Qe5 31. Rxb2 Qxb2+ 32. Rd2 Qc3
33. Qb6 Rd7 34. Qb2 Nd5 35. a3 h5 36. Be4 Qxb2 37. Rxb2 Nc3+ 38. Kf1 Rd1+ 39.
Kg2 Nxe4 40. fxe4 Ra1 41. Rb8+ Kg7 42. Ra8 g5 43. Ra4 h4 44. Kh3 Kf6 45. Ra5
Rh1+ 46. Kg2 Rc1 47. Kh3 Rc4 48. f3 Rc3 49. Kg4 Rc1 50. f4 Rg1+ 51. Kh3 Rg3+
52. Kh2 g4 53. Rg5 Rxe3 54. e5+ Ke7 55. Rxg4 Rxa3 1/2-1/2

[Event "Xtracon Skakligaen"]
[Site "Denmark"]
[Date "2016.02.07"]
[Round "7.3"]
[White "Sylvan, Jacob"]
[Black "Glud, Jakob Vang"]
[Result "0-1"]
[WhiteElo "2340"]
[BlackElo "2535"]
[PlyCount "124"]
[EventDate "2015.10.31"]
[EventType "team-tourn"]
[EventRounds "9"]
[EventCountry "DEN"]
[WhiteTeam "Nordkalotten"]
[BlackTeam "Philidor"]
[WhiteTeamCountry "DEN"]
[BlackTeamCountry "DEN"]

1. e4 e5 2. Nf3 Nc6 3. Bb5 a6 4. Ba4 Nf6 5. O-O Be7 6. Re1 b5 7. Bb3 d6 8. c3
O-O 9. h3 Na5 10. Bc2 c5 11. d4 Qc7 12. Nbd2 Bd7 13. Nf1 Nc4 14. b3 Nb6 15. Ne3
c4 16. Ba3 Rfe8 17. Qd2 Bf8 18. Rab1 a5 19. bxc4 Nxc4 20. Nxc4 bxc4 21. d5 Nh5
22. Qe3 Rab8 23. Kh2 Nf4 24. Ng1 Bb5 25. Red1 Qd7 26. g3 Nd3 27. Nf3 Ba4 28.
Rxb8 Rxb8 29. Rb1 Rxb1 30. Bxb1 Bd1 31. Bxd3 cxd3 32. Qxd3 Bxf3 33. Qxf3 Qa4
34. c4 Qxc4 35. Kg2 Qxa2 36. Qc3 Qe2 37. Qxa5 Qxe4+ 38. Kg1 Qb1+ 39. Kg2 Qe4+
40. Kg1 Qb1+ 41. Kg2 Qb7 42. Kh2 g6 43. Bc1 Qe7 44. Qa8 Kg7 45. Be3 h6 46. h4
Kh7 47. Kg2 Bg7 48. Qc8 e4 49. h5 Qf6 50. hxg6+ fxg6 51. Qb7 g5 52. Qd7 h5 53.
Kg1 Kh6 54. Qe8 Qf5 55. Qg8 Qd7 56. Kg2 Kg6 57. Bd4 Qf7 58. Qxf7+ Kxf7 59. Be3
Kg6 60. f3 exf3+ 61. Kxf3 Kf5 62. Ke2 Kg4 0-1

[Event "Xtracon Skakligaen"]
[Site "Denmark"]
[Date "2016.02.07"]
[Round "7.4"]
[White "Rasmussen, Allan Stig"]
[Black "Kristensen, Kaare Hove"]
[Result "1/2-1/2"]
[WhiteElo "2498"]
[BlackElo "2365"]
[PlyCount "102"]
[EventDate "2015.10.31"]
[EventType "team-tourn"]
[EventRounds "9"]
[EventCountry "DEN"]
[WhiteTeam "Philidor"]
[BlackTeam "Nordkalotten"]
[WhiteTeamCountry "DEN"]
[BlackTeamCountry "DEN"]

1. d4 d5 2. c4 c6 3. Nf3 Nf6 4. Nbd2 Bf5 5. Nh4 Be6 6. e3 g6 7. Be2 Bg7 8. O-O
O-O 9. Nhf3 dxc4 10. Nxc4 c5 11. dxc5 Qxd1 12. Rxd1 Ne4 13. Nd4 Bxc4 14. Bxc4
Rd8 15. Bd2 Nxc5 16. Bb4 Nbd7 17. Rac1 Rac8 18. Ba3 Kf8 19. Bd5 Nf6 20. Bf3
Nce4 21. g4 Ke8 22. g5 Nxg5 23. Bxb7 Rxc1 24. Rxc1 Nfe4 25. Rc7 Bf6 26. Kg2 Nd6
27. Bc6+ Kf8 28. Rxa7 Kg7 29. Bc5 e5 30. Nb5 Nxb5 31. Bxb5 Rd2 32. Bc4 Rxb2 33.
h4 Ne4 34. Rxf7+ Kh8 35. Rf8+ Kg7 36. Rf7+ Kh8 37. Bd5 Rxf2+ 38. Kg1 Bxh4 39.
Bb4 Rxf7 40. Bxf7 Bf2+ 41. Kg2 Bxe3 42. Kf3 Bc5 43. Kxe4 Bxb4 44. Kxe5 Kg7 45.
Be8 Bd2 46. Ke4 Kh6 47. Bf7 Kg5 48. Bg8 h5 49. Bf7 h4 50. Kf3 Kf6 51. Bxg6 Kxg6
1/2-1/2

[Event "Xtracon Skakligaen"]
[Site "Denmark"]
[Date "2016.02.07"]
[Round "7.5"]
[White "Nielsen, Lars Aaes"]
[Black "Hansen, Curt"]
[Result "1/2-1/2"]
[WhiteElo "2231"]
[BlackElo "2611"]
[PlyCount "70"]
[EventDate "2015.10.31"]
[EventType "team-tourn"]
[EventRounds "9"]
[EventCountry "DEN"]
[WhiteTeam "Nordkalotten"]
[BlackTeam "Philidor"]
[WhiteTeamCountry "DEN"]
[BlackTeamCountry "DEN"]

1. e4 c5 2. c3 Nf6 3. e5 Nd5 4. Nf3 e6 5. d4 cxd4 6. cxd4 d6 7. Bc4 Nc6 8. O-O
Be7 9. Qe2 O-O 10. Rd1 a6 11. a3 b5 12. Ba2 b4 13. Bd2 a5 14. Bxd5 exd5 15. Qb5
Qd7 16. axb4 dxe5 17. Nc3 e4 18. Nxd5 Bd8 19. Ng5 Nxd4 20. Qxd7 Bxd7 21. Nxe4
Bc6 22. Bc3 Nc2 23. Rac1 axb4 24. Be1 Re8 25. Rxc2 Ba4 26. Ra1 Bxc2 27. Rxa8
Bxe4 28. Nc7 Bxa8 29. Nxe8 Be7 30. Nc7 Bb7 31. f3 f5 32. Ne6 Kf7 33. Nd4 f4 34.
Nc2 b3 35. Nd4 Bd5 1/2-1/2

[Event "Xtracon Skakligaen"]
[Site "Denmark"]
[Date "2016.02.07"]
[Round "7.6"]
[White "Skovgaard, Peter Nicolai"]
[Black "Pedersen, Daniel V"]
[Result "0-1"]
[WhiteElo "2317"]
[BlackElo "2244"]
[PlyCount "62"]
[EventDate "2015.10.31"]
[EventType "team-tourn"]
[EventRounds "9"]
[EventCountry "DEN"]
[WhiteTeam "Philidor"]
[BlackTeam "Nordkalotten"]
[WhiteTeamCountry "DEN"]
[BlackTeamCountry "DEN"]

1. e4 e5 2. Nf3 Nc6 3. Bb5 a6 4. Bxc6 dxc6 5. O-O Be6 6. Nxe5 Qd4 7. Nf3 Qxe4
8. Re1 Qg4 9. h3 Qh5 10. d4 h6 11. Bf4 O-O-O 12. Nc3 Nf6 13. Bh2 Rg8 14. Ne2 g5
15. Ng3 Qg6 16. Ne5 Qg7 17. Qd3 g4 18. h4 Qh7 19. Qd2 Nd7 20. Nxd7 Rxd7 21. Ne4
Be7 22. Qf4 Qf5 23. Qxh6 Rxd4 24. Qe3 c5 25. Rad1 Rgd8 26. Rd3 Bxh4 27. b4 Rxe4
28. Rxd8+ Kxd8 29. Rd1+ Kc8 30. Qc3 Qxf2+ 31. Kh1 Re1+ 0-1

[Event "Xtracon Skakligaen"]
[Site "Denmark"]
[Date "2016.02.07"]
[Round "7.7"]
[White "Jakobsen, Peter"]
[Black "Hovmoller, Kristian"]
[Result "1/2-1/2"]
[WhiteElo "2225"]
[BlackElo "2287"]
[PlyCount "112"]
[EventDate "2015.10.31"]
[EventType "team-tourn"]
[EventRounds "9"]
[EventCountry "DEN"]
[WhiteTeam "Nordkalotten"]
[BlackTeam "Philidor"]
[WhiteTeamCountry "DEN"]
[BlackTeamCountry "DEN"]

1. Nf3 c5 2. c4 Nc6 3. d4 cxd4 4. Nxd4 e5 5. Nb5 a6 6. Nd6+ Bxd6 7. Qxd6 Qf6 8.
Qd1 Nge7 9. g3 O-O 10. Bg2 d6 11. Nc3 Qg6 12. O-O f5 13. Nd5 Nxd5 14. cxd5 Ne7
15. f4 e4 16. Qb3 b5 17. a4 Bd7 18. Be3 Rfc8 19. Rfc1 bxa4 20. Qb7 Qe8 21. Bd4
Bb5 22. Kf2 Rab8 23. Qa7 Qd7 24. Qxd7 Bxd7 25. g4 Nxd5 26. gxf5 Bxf5 27. Kg3
Rb3+ 28. Kh4 Rxc1 29. Rxc1 Nxf4 30. Bf1 Ne6 31. Rc8+ Kf7 32. Bc3 e3 33. Bg2 Nf4
34. Rc7+ Ke6 35. Bf3 g6 36. Rc4 Nd5 37. Bxd5+ Kxd5 38. Rxa4 Rb6 39. Kg5 Rc6 40.
Kf4 Rc4+ 41. Rxc4 Kxc4 42. Kxe3 d5 43. h4 h6 44. Bf6 a5 45. Kf4 d4 46. Bg7 h5
47. Kf3 Kd5 48. Bf6 a4 49. Bg7 Bg4+ 50. Kf2 g5 51. hxg5 h4 52. Bf6 h3 53. g6
Ke4 54. g7 Be6 55. Kg3 Ke3 56. Be5 Ke4 1/2-1/2

[Event "Xtracon Skakligaen"]
[Site "Denmark"]
[Date "2016.02.07"]
[Round "7.8"]
[White "Frank Nielsen, Marie"]
[Black "Ejsing, Esben"]
[Result "0-1"]
[WhiteElo "1968"]
[BlackElo "2194"]
[PlyCount "108"]
[EventDate "2015.10.31"]
[EventType "team-tourn"]
[EventRounds "9"]
[EventCountry "DEN"]
[WhiteTeam "Philidor"]
[BlackTeam "Nordkalotten"]
[WhiteTeamCountry "DEN"]
[BlackTeamCountry "DEN"]

1. e4 e6 2. d4 d5 3. e5 c5 4. c3 Nc6 5. Nf3 Bd7 6. Bd3 Rc8 7. dxc5 Bxc5 8. O-O
Nge7 9. Qe2 Ng6 10. g3 O-O 11. b4 Be7 12. b5 Na5 13. h4 Re8 14. h5 Nf8 15. Nd4
f6 16. f4 Qc7 17. a4 Bc5 18. Kh2 Bxd4 19. cxd4 Nb3 20. Bb2 Nxa1 21. Bxa1 a6 22.
Bc3 axb5 23. axb5 Ra8 24. Qb2 b6 25. Bb4 Rec8 26. Nd2 Qa7 27. exf6 gxf6 28. Qb1
f5 29. g4 Qa2 30. Qe1 Ra4 31. Bxf8 Kxf8 32. Rf2 Qa1 33. Qe2 Qxd4 34. Nb3 Qc3
35. Nd2 Rd4 36. Rf3 fxg4 37. Rg3 Rxf4 38. Bxh7 Qf6 39. Kg2 e5 40. Bg6 Rc1 41.
Qe3 Kg7 42. Bd3 Rc3 43. Qe1 Kh6 44. Nb1 Rb3 45. Nc3 Be6 46. Ne2 Rf3 47. Bc2
Rxg3+ 48. Nxg3 Qf3+ 49. Kh2 Re3 50. Qd2 Qxg3+ 51. Kh1 Qf4 52. Bd3 Rh3+ 53. Kg1
Qxd2 54. Be2 Qe1+ 0-1

[Event "Xtracon Skakligaen"]
[Site "Denmark"]
[Date "2016.02.07"]
[Round "7.1"]
[White "Teplyi, Igor"]
[Black "Rasmussen, Casper Dahl"]
[Result "1-0"]
[WhiteElo "2422"]
[BlackElo "2314"]
[PlyCount "67"]
[EventDate "2015.10.31"]
[EventType "team-tourn"]
[EventRounds "9"]
[EventCountry "DEN"]
[WhiteTeam "Nordre"]
[BlackTeam "Obro"]
[WhiteTeamCountry "DEN"]
[BlackTeamCountry "DEN"]

1. Nf3 Nf6 2. c4 c6 3. Nc3 d5 4. e3 g6 5. d4 Bg7 6. Bd3 O-O 7. O-O Nbd7 8. a4
Re8 9. cxd5 cxd5 10. Qb3 e5 11. dxe5 Nxe5 12. Be2 Nc6 13. Rd1 Na5 14. Qa2 Be6
15. Nd4 Qb6 16. Bd2 Rac8 17. Ncb5 Ne4 18. Bxa5 Qxa5 19. f3 Bxd4 20. exd4 a6 21.
fxe4 axb5 22. Bxb5 Red8 23. e5 Bg4 24. b4 Qxb4 25. Qd2 Qxd2 26. Rxd2 Rc3 27.
Rb1 Bf5 28. Rb4 Ra3 29. Kf2 h5 30. Be2 Ra8 31. Bd1 Bd7 32. Rxb7 Bxa4 33. Bf3
Bb3 34. Rxb3 1-0

[Event "Xtracon Skakligaen"]
[Site "Denmark"]
[Date "2016.02.07"]
[Round "7.2"]
[White "Jorgensen, Dennis"]
[Black "Petersen, Tom Petri"]
[Result "0-1"]
[WhiteElo "2237"]
[BlackElo "2349"]
[PlyCount "118"]
[EventDate "2015.10.31"]
[EventType "team-tourn"]
[EventRounds "9"]
[EventCountry "DEN"]
[WhiteTeam "Obro"]
[BlackTeam "Nordre"]
[WhiteTeamCountry "DEN"]
[BlackTeamCountry "DEN"]

1. d4 g6 2. g3 Bg7 3. Bg2 d6 4. Nf3 Nf6 5. O-O Bf5 6. Nh4 Be4 7. Bh3 O-O 8. c4
Bc6 9. Nc3 d5 10. Bg2 e6 11. cxd5 Nxd5 12. e4 Nxc3 13. bxc3 Bf6 14. Bh6 Re8 15.
Qg4 e5 16. dxe5 Bxe5 17. Rad1 Qe7 18. c4 Nd7 19. f4 Bf6 20. e5 Bxh4 21. Bxc6
Qc5+ 22. Rf2 Qxc6 23. Qxh4 Nc5 24. Rfd2 Ne4 25. Rd4 Qb6 26. Kf1 Nc3 27. R1d2
Qc6 28. Kf2 Qb6 29. Kg2 Qc6+ 30. Kf2 b5 31. cxb5 Nxb5 32. Rd7 Nc3 33. R7d4 Nb5
34. Rd7 Nc3 35. R7d4 Rab8 36. Qg5 Nb1 37. Rd6 Nxd2 38. Rxd2 Rb6 39. g4 Qc5+ 40.
Kg2 Qe3 41. Qd8 Qe4+ 42. Kg3 Qa8 43. Qxc7 Rc6 44. Qd7 Rc3+ 45. Kh4 Rcc8 46. e6
Rxe6 47. Qd4 g5+ 48. Kh5 Rxh6+ 49. Kxh6 Qc6+ 50. Kxg5 Re8 51. f5 h6+ 52. Kh5
Qf3 53. Rd3 Qg2 54. h3 Qc6 55. Qd6 Qe4 56. Kxh6 Re6+ 57. Qxe6 fxe6 58. Rd8+ Kf7
59. Rd7+ Ke8 0-1

[Event "Xtracon Skakligaen"]
[Site "Denmark"]
[Date "2016.02.07"]
[Round "7.3"]
[White "Sloth, Jorn"]
[Black "Larsen, Karsten"]
[Result "1/2-1/2"]
[WhiteElo "2311"]
[BlackElo "2252"]
[PlyCount "63"]
[EventDate "2015.10.31"]
[EventType "team-tourn"]
[EventRounds "9"]
[EventCountry "DEN"]
[WhiteTeam "Nordre"]
[BlackTeam "Obro"]
[WhiteTeamCountry "DEN"]
[BlackTeamCountry "DEN"]

1. d4 d5 2. Nf3 Nf6 3. c4 e6 4. e3 Be7 5. Nc3 O-O 6. b3 c5 7. Bb2 Nc6 8. cxd5
Nxd5 9. Nxd5 exd5 10. dxc5 Bxc5 11. a3 Bg4 12. Be2 d4 13. b4 Bb6 14. b5 Bxf3
15. Bxf3 Ne5 16. Bxb7 Rb8 17. Bxd4 Bxd4 18. exd4 Qa5+ 19. Kf1 Qxb5+ 20. Kg1
Rxb7 21. dxe5 Qxe5 22. h4 Qf6 23. Rh3 Rd8 24. Qc1 Rbd7 25. Qc3 Qf4 26. Re1 h5
27. Qe5 Qxe5 28. Rxe5 Rd5 29. Rhe3 g6 30. Re8+ Rxe8 31. Rxe8+ Kg7 32. Kf1
1/2-1/2

[Event "Xtracon Skakligaen"]
[Site "Denmark"]
[Date "2016.02.07"]
[Round "7.4"]
[White "Skousen, Nikolai"]
[Black "Klitgaard, Thomas"]
[Result "1-0"]
[WhiteElo "2225"]
[BlackElo "2230"]
[PlyCount "99"]
[EventDate "2015.10.31"]
[EventType "team-tourn"]
[EventRounds "9"]
[EventCountry "DEN"]
[WhiteTeam "Obro"]
[BlackTeam "Nordre"]
[WhiteTeamCountry "DEN"]
[BlackTeamCountry "DEN"]

1. Nf3 Nf6 2. g3 b5 3. Bg2 Bb7 4. O-O e6 5. d3 Be7 6. e4 d6 7. Nbd2 c5 8. Re1
O-O 9. c3 Nc6 10. a3 a5 11. d4 cxd4 12. cxd4 d5 13. e5 Nd7 14. Nf1 a4 15. h4
Na5 16. Bg5 Nb3 17. Rb1 Bxg5 18. Nxg5 g6 19. Qd3 Qb6 20. Rbd1 b4 21. Nh2 bxa3
22. bxa3 h6 23. Nh3 Kg7 24. Qe3 Qd8 25. h5 Qe7 26. hxg6 fxg6 27. Nf4 Rxf4 28.
Qxf4 Qxa3 29. Ng4 g5 30. Qe3 Qe7 31. Bf1 Ba6 32. Bxa6 Rxa6 33. Kg2 h5 34. Nf6
Nxf6 35. Qxg5+ Kf7 36. exf6 Qxf6 37. Qxh5+ Ke7 38. Qxd5 Rd6 39. Qb7+ Rd7 40.
Qb4+ Kd8 41. Qb8+ Ke7 42. Rh1 Qf5 43. Qb4+ Kf7 44. Qxa4 Qd5+ 45. Kg1 Kg7 46.
Rh5 Qxh5 47. Qxd7+ Kf6 48. Re1 Qg4 49. d5 Nd4 50. Rxe6+ 1-0

[Event "Xtracon Skakligaen"]
[Site "Denmark"]
[Date "2016.02.07"]
[Round "7.5"]
[White "Hoiberg, Nina"]
[Black "Schou Moldt, Thomas"]
[Result "1-0"]
[WhiteElo "2213"]
[BlackElo "2144"]
[PlyCount "81"]
[EventDate "2015.10.31"]
[EventType "team-tourn"]
[EventRounds "9"]
[EventCountry "DEN"]
[WhiteTeam "Nordre"]
[BlackTeam "Obro"]
[WhiteTeamCountry "DEN"]
[BlackTeamCountry "DEN"]

1. e4 d6 2. d4 Nf6 3. Nc3 g6 4. Be3 c6 5. Nf3 Bg7 6. h3 b5 7. e5 Nfd7 8. exd6
exd6 9. d5 b4 10. dxc6 bxc3 11. cxd7+ Qxd7 12. b3 Nc6 13. Bb5 O-O 14. O-O Qc7
15. Nd4 Nb4 16. Bc4 Qa5 17. a3 Nd5 18. Qf3 Nxe3 19. fxe3 Bd7 20. Bxf7+ Kh8 21.
Qd5 Qxd5 22. Bxd5 Rxf1+ 23. Rxf1 Re8 24. Kf2 Bxd4 25. exd4 Rf8+ 26. Bf3 Bf5 27.
b4 Rc8 28. Rc1 Kg7 29. Bg4 Kf6 30. Bxf5 Kxf5 31. Ke3 Ke6 32. Rf1 Rc7 33. Ke4
Rc4 34. Rf8 d5+ 35. Kd3 Rc7 36. Re8+ Kd7 37. Re1 Kd6 38. Rb1 h5 39. Re1 Rc6 40.
Re5 Kd7 41. Rxd5+ 1-0

[Event "Xtracon Skakligaen"]
[Site "Denmark"]
[Date "2016.02.07"]
[Round "7.6"]
[White "Simonsen, Carsten"]
[Black "Christensen, Jan Schleicher"]
[Result "1-0"]
[WhiteElo "2217"]
[BlackElo "2190"]
[PlyCount "81"]
[EventDate "2015.10.31"]
[EventType "team-tourn"]
[EventRounds "9"]
[EventCountry "DEN"]
[WhiteTeam "Obro"]
[BlackTeam "Nordre"]
[WhiteTeamCountry "DEN"]
[BlackTeamCountry "DEN"]

1. d4 Nf6 2. Bg5 Ne4 3. Bf4 c5 4. d5 e6 5. f3 Nf6 6. e4 exd5 7. exd5 d6 8. Nc3
Be7 9. Qd2 O-O 10. O-O-O a6 11. Nge2 b5 12. Ng3 Re8 13. Nce4 Bb7 14. c4 bxc4
15. Bxc4 Nbd7 16. Nf5 Nxe4 17. fxe4 Nb6 18. Bd3 c4 19. Bc2 Rc8 20. Nxe7+ Rxe7
21. Qc3 Qd7 22. Qg3 c3 23. b3 Qb5 24. Bxd6 Ree8 25. Rd3 Rxe4 26. Rxc3 Rxc3 27.
Qxc3 Re8 28. Re1 Rc8 29. Qd4 Nxd5 30. Kb2 Qc6 31. Qe4 Qc3+ 32. Kb1 Nf6 33. Qe2
Qc6 34. Be5 Re8 35. Qd2 Qxg2 36. Re2 Qf1+ 37. Kb2 Nd5 38. Rf2 Qh3 39. Bd4 Qe6
40. Qg5 g6 41. Qh6 1-0

[Event "Xtracon Skakligaen"]
[Site "Denmark"]
[Date "2016.02.07"]
[Round "7.7"]
[White "Olsen, Filip Boe"]
[Black "Kaaber Hansen, Jacob"]
[Result "0-1"]
[WhiteElo "2245"]
[BlackElo "2229"]
[PlyCount "120"]
[EventDate "2015.10.31"]
[EventType "team-tourn"]
[EventRounds "9"]
[EventCountry "DEN"]
[WhiteTeam "Nordre"]
[BlackTeam "Obro"]
[WhiteTeamCountry "DEN"]
[BlackTeamCountry "DEN"]

1. d4 d5 2. c4 e5 3. dxe5 d4 4. Nf3 Nc6 5. g3 Nge7 6. Bg2 Ng6 7. O-O Bg4 8. h3
Be6 9. b3 Qd7 10. Ng5 Ngxe5 11. f4 Ng6 12. e4 h6 13. Nxe6 fxe6 14. e5 O-O-O 15.
Qd3 Nge7 16. a3 g5 17. Be4 Bg7 18. b4 gxf4 19. gxf4 Nf5 20. Bxf5 exf5 21. Nd2
Rhg8 22. Kh1 Ne7 23. Bb2 Ng6 24. Nb3 Qc6+ 25. Qf3 Qxc4 26. Rac1 Qd5 27. Qxd5
Rxd5 28. Nxd4 Ne7 29. Ne6 c6 30. Bd4 b6 31. Rfd1 Bh8 32. Bf2 Kd7 33. Nd4 a6 34.
Bh4 Ng6 35. e6+ Kc7 36. Nf3 Nxf4 37. e7 Kd7 38. Rg1 Re8 39. Rc4 Nxh3 40. Rg6
Rd6 41. Rxd6+ Kxd6 42. Kg2 b5 43. Bg3+ f4 44. Bxf4+ Nxf4+ 45. Rxf4 Rxe7 46. Nd4
Kd5 47. Nf5 Re2+ 48. Kf1 Ra2 49. Nxh6 Rxa3 50. Rf5+ Ke6 51. Rc5 Rc3 52. Rg5 Rc2
53. Rg6+ Kd5 54. Nf7 Bd4 55. Rd6+ Ke4 56. Ng5+ Ke3 57. Re6+ Kd3 58. Nf3 Rf2+
59. Ke1 Rxf3 60. Rxc6 Bc3+ 0-1

[Event "Xtracon Skakligaen"]
[Site "Denmark"]
[Date "2016.02.07"]
[Round "7.8"]
[White "Nielsen, Viktor"]
[Black "Moller, Leif"]
[Result "1-0"]
[WhiteElo "2161"]
[BlackElo "2127"]
[PlyCount "41"]
[EventDate "2015.10.31"]
[EventType "team-tourn"]
[EventRounds "9"]
[EventCountry "DEN"]
[WhiteTeam "Obro"]
[BlackTeam "Nordre"]
[WhiteTeamCountry "DEN"]
[BlackTeamCountry "DEN"]

1. e4 g6 2. d4 Bg7 3. Nf3 d6 4. Be2 Nf6 5. Nc3 a6 6. a4 b6 7. e5 Nfd7 8. Bc4 e6
9. Bg5 f6 10. exf6 Nxf6 11. Qe2 Qe7 12. O-O-O h6 13. Bxf6 Bxf6 14. Rhe1 Kf7 15.
Nd5 Qd8 16. Nf4 d5 17. Nxe6 Qd6 18. Nxc7 dxc4 19. Qxc4+ Kg7 20. Ne8+ Rxe8 21.
Rxe8 1-0